Rapports Sur La Violation Du Droit Des Gens En Belgique. (Record no. 59916)
[ view plain ]
| 000 -LEADER | |
|---|---|
| fixed length control field | 01231nam a2200325 i 4500 |
| 003 - CONTROL NUMBER IDENTIFIER | |
| control field | EG-GICUC |
| 005 - DATE AND TIME OF LATEST TRANSACTION | |
| control field | 20260128120101.0 |
| 008 - FIXED-LENGTH DATA ELEMENTS--GENERAL INFORMATION | |
| fixed length control field | 260128s1915 fr a|||fry||| 000 0 fre d |
| 040 ## - CATALOGING SOURCE | |
| Original cataloging agency | EG-GiCUC |
| Language of cataloging | fre |
| Transcribing agency | EG-GiCUC |
| Modifying agency | EG-GiCUC |
| Description conventions | Rda |
| 041 ## - LANGUAGE CODE | |
| Language code of text/sound track or separate title | fre |
| 082 04 - DEWEY DECIMAL CLASSIFICATION NUMBER | |
| Edition number | 21 |
| Classification number | 341.690493 |
| Item number | HE . R |
| 092 04 - LOCALLY ASSIGNED DEWEY CALL NUMBER (OCLC) | |
| Edition number | 21 |
| 099 ## - LOCAL FREE-TEXT CALL NUMBER (OCLC) | |
| Classification number | Law1 11 341.690493 HE . R 1915 |
| 245 00 - TITLE STATEMENT | |
| Title | Rapports Sur La Violation Du Droit Des Gens En Belgique. |
| Number of part/section of a work | Tome I / |
| Statement of responsibility, etc. | Préface De M. J. Van Den Heuvel. |
| 264 #1 - PRODUCTION, PUBLICATION, DISTRIBUTION, MANUFACTURE, AND COPYRIGHT NOTICE | |
| Place of production, publication, distribution, manufacture | Paris : |
| Name of producer, publisher, distributor, manufacturer | Berger-levrault, |
| Date of production, publication, distribution, manufacture, or copyright notice | 1915. |
| 300 ## - PHYSICAL DESCRIPTION | |
| Extent | 167 page : |
| Other physical details | illustration ; |
| Dimensions | 24 cm. |
| 336 ## - CONTENT TYPE | |
| Source | rda contenu |
| Content type term | texte |
| 337 ## - MEDIA TYPE | |
| Source | rda medias |
| Media type term | Ordinateur |
| 338 ## - CARRIER TYPE | |
| Source | transporteur rda |
| Carrier type term | Ressource en ligne |
| 490 ## - SERIES STATEMENT | |
| Series statement | Commission Officielle Du Gouvernement Belge |
| 500 ## - GENERAL NOTE | |
| General note | Extraits De La Lettre Pastorale<br/>De S. Ém. Le Cardinal Mercier, Archevêque De Malines |
| 504 ## - BIBLIOGRAPHY, ETC. NOTE | |
| Bibliography, etc. note | Bibliography: pages 200-250. 240-220 |
| 546 ## - LANGUAGE NOTE | |
| Language note | Texte en français |
| 650 14 - SUBJECT ADDED ENTRY--TOPICAL TERM | |
| Topical term or geographic name entry element | Crimes de guerre |
| General subdivision | Droit international |
| 651 1# - SUBJECT ADDED ENTRY--GEOGRAPHIC NAME | |
| Source of heading or term | qrmak |
| Geographic name | Belgique |
| General subdivision | Droit international public |
| 700 1# - ADDED ENTRY--PERSONAL NAME | |
| Personal name | Heuvel, M. J. Van Den |
| Relator term | Préfacier |
| 856 40 - ELECTRONIC LOCATION AND ACCESS | |
| Uniform Resource Identifier | <a href="https://fll.law.cu.edu.eg/fulltext/bks/B12-02340.pdf">https://fll.law.cu.edu.eg/fulltext/bks/B12-02340.pdf</a> |
| 905 ## - Cataloger and Reviser Names | |
| Cataloger Name: | Hager Mohamed |
| 942 ## - ADDED ENTRY ELEMENTS (KOHA) | |
| Source of classification or shelving scheme | Dewey Decimal Classification |
| Koha item type | Reference |
| Edition | 21 |
| Suppress in OPAC | No |
| Withdrawn status | Lost status | Source of classification or shelving scheme | Materials specified (bound volume or other part) | Damaged status | Not for loan | Collection | Home library | Current library | Date acquired | Total checkouts | Full call number | Barcode | Date last seen | Copy number | Price effective from | Koha item type |
|---|---|---|---|---|---|---|---|---|---|---|---|---|---|---|---|---|
| Dewey Decimal Classification | V1 | Not for loan | القانون الدولي الخاص | جــــامعة القــاهرة | مكتبة كلية الحقوق - المبنى الرئيسي | 28.01.2026 | Law1 12 341.690493 HE . R 1915 1202340 V1, C1 | B12-02340 | 28.01.2026 | C1 | 28.01.2026 | Reference |